[Event "Quebec-ch B U20 Pepsico"]
[Site "Montreal CAN"]
[Date "2012.02.12"]
[Round "5"]
[White "Tinica, Gabriel"]
[Black "Cassista, Jeremie"]
[Result "1-0"]
[WhiteElo "753"]
[BlackElo "857"]
[PlyCount "81"]
[GameId "2160767909572637"]
[EventDate "2012.02.10"]
[EventType "swiss"]
[EventRounds "5"]
[EventCountry "CAN"]
[SourceTitle "EXT 2022"]
[Source "ChessBase"]
[SourceDate "2021.10.06"]
[SourceVersion "1"]
[SourceVersionDate "2021.10.06"]
[SourceQuality "1"]

1. d4 c5 2. c4 d5 3. dxc5 Qa5+ 4. Nc3 Qxc5 5. Qxd5 e6 6. Qxc5 Bxc5 7. Nb5 Na6 8. a3 Nf6 9. b4 Be7 10. Bf4 O-O 11. Nf3 Rd8 12. Bg5 h6 13. Bh4 Bd7 14. e3 Bxb5 15. cxb5 Nc7 16. Be2 Ncd5 17. O-O Nc3 18. Bc4 Rac8 19. Ne5 a5 20. bxa5 Rc5 21. Rac1 Nxb5 22. f4 Nxa3 23. Bb3 Rxa5 24. Rc7 Re8 25. Rxb7 Rb5 26. Rxb5 Nxb5 27. Ba4 Rb8 28. Nc6 Rb7 29. Nxe7+ Rxe7 30. Bxb5 Rb7 31. Be2 Rb4 32. Bf3 Nd5 33. Be7 Ra4 34. Rc1 Kh7 35. Rd1 g6 36. h3 Nc3 37. Rd3 Rc4 38. Bf6 Nb5 39. Be2 Rc1+ 40. Kh2 Nc7 41. Rd7 1-0

[Event "Quebec-ch B U20 Pepsico"]
[Site "Montreal CAN"]
[Date "2012.02.12"]
[Round "5"]
[White "Tinica, Sabina"]
[Black "Bershtein, Anry Samuel"]
[Result "1/2-1/2"]
[WhiteElo "961"]
[BlackElo "1192"]
[PlyCount "96"]
[GameId "2160767909572638"]
[EventDate "2012.02.10"]
[EventType "swiss"]
[EventRounds "5"]
[EventCountry "CAN"]
[SourceTitle "EXT 2022"]
[Source "ChessBase"]
[SourceDate "2021.10.06"]
[SourceVersion "1"]
[SourceVersionDate "2021.10.06"]
[SourceQuality "1"]

1. d4 d5 2. c4 Nf6 3. Nc3 e6 4. Bg5 Bb4 5. Qa4+ Nc6 6. Qc2 Nxd4 7. Qa4+ Nc6 8. Qb3 O-O 9. Nf3 h6 10. Bh4 d4 11. Rd1 Bxc3+ 12. bxc3 e5 13. cxd4 exd4 14. e3 Re8 15. Be2 Qe7 16. O-O dxe3 17. fxe3 Qxe3+ 18. Qxe3 Rxe3 19. Rf2 g5 20. Bg3 Ne4 21. Re1 Nxf2 22. Bxf2 Ra3 23. Bf1 Bd7 24. Ra1 Nb4 25. Ne5 Nc2 26. Rb1 Bc6 27. Rb2 Ne3 28. Bxe3 Rxe3 29. Nxc6 bxc6 30. Rb7 Re7 31. Kf2 f5 32. c5 Kg7 33. Be2 Kf6 34. Bf3 Ke5 35. Bxc6 Rd8 36. Rxa7 Rd2+ 37. Kg3 f4+ 38. Kg4 Rxg2+ 39. Bxg2 Kf6 40. Ra6+ Re6 41. Rxe6+ Kxe6 42. Kh5 Kf5 43. a4 g4 44. Kh4 f3 45. Kg3 Ke4 46. Bxf3+ gxf3 47. Kf2 Kd5 48. Kxf3 Kxc5 1/2-1/2

[Event "Quebec-ch B U20 Pepsico"]
[Site "Montreal CAN"]
[Date "2012.02.12"]
[Round "5"]
[White "Turgeon, Yoakim"]
[Black "Utepova, Alika"]
[Result "0-1"]
[WhiteElo "1149"]
[BlackElo "1285"]
[PlyCount "84"]
[GameId "2160767909572639"]
[EventDate "2012.02.10"]
[EventType "swiss"]
[EventRounds "5"]
[EventCountry "CAN"]
[SourceTitle "EXT 2022"]
[Source "ChessBase"]
[SourceDate "2021.10.06"]
[SourceVersion "1"]
[SourceVersionDate "2021.10.06"]
[SourceQuality "1"]

1. d4 Nf6 2. Nf3 g6 3. e3 d5 4. Bd3 Bg7 5. O-O Nbd7 6. Nbd2 a6 7. e4 dxe4 8. Nxe4 O-O 9. c4 b6 10. Be3 e6 11. c5 Bb7 12. Bg5 Qc8 13. Nxf6+ Nxf6 14. Rc1 Bd5 15. cxb6 Qb7 16. bxc7 Bxa2 17. Qa4 Bb3 18. Qa3 a5 19. c8=Q Rfxc8 20. Rxc8+ Rxc8 21. Qxa5 h6 22. Bf4 Ra8 23. Qd2 g5 24. Be3 Nd5 25. Be4 f5 26. Bxd5 Bxd5 27. Qe2 Ra2 28. Bc1 Bf8 29. Ne1 Kf7 30. f3 Qb4 31. Nc2 Qa4 32. Rf2 Bb3 33. Qd2 Bxc2 34. Qxc2 Qxd4 35. Kf1 Ra1 36. Rd2 Qe5 37. g4 Bb4 38. Rd7+ Kf6 39. gxf5 Qe1+ 40. Kg2 Rxc1 41. Qb3 Qf1+ 42. Kg3 Be1+ 0-1

[Event "Quebec-ch B U20 Pepsico"]
[Site "Montreal CAN"]
[Date "2012.02.12"]
[Round "5"]
[White "Wang, Bing Kun"]
[Black "Bissonnette, Raphael"]
[Result "1-0"]
[WhiteElo "1482"]
[BlackElo "1142"]
[PlyCount "125"]
[GameId "2160767909572640"]
[EventDate "2012.02.10"]
[EventType "swiss"]
[EventRounds "5"]
[EventCountry "CAN"]
[SourceTitle "EXT 2022"]
[Source "ChessBase"]
[SourceDate "2021.10.06"]
[SourceVersion "1"]
[SourceVersionDate "2021.10.06"]
[SourceQuality "1"]

1. e4 e5 2. Nf3 Nc6 3. Bc4 Bc5 4. d3 Nf6 5. Bg5 d6 6. h3 Na5 7. O-O Nxc4 8. dxc4 Be6 9. b3 h6 10. Bxf6 Qxf6 11. Nc3 O-O 12. a3 a5 13. Nd5 Bxd5 14. cxd5 Qg6 15. Qd3 Qh5 16. Kh1 f5 17. Nd2 Rf6 18. exf5 Qxf5 19. Ne4 Rf7 20. Nxc5 dxc5 21. Rad1 Qxd3 22. Rxd3 Rd8 23. c4 Rf4 24. Re3 Re8 25. Kg1 a4 26. Rfe1 axb3 27. Rxb3 b6 28. Rc3 Rd4 29. a4 Kf7 30. f3 Kf6 31. g4 Rd2 32. Ree3 Kg5 33. f4+ Kf6 34. fxe5+ Rxe5 35. Rxe5 Kxe5 36. Re3+ Kd4 37. Re7 Kxc4 38. Rxc7 Rxd5 39. Rxg7 Kb4 40. Rf7 Kb3 41. h4 c4 42. g5 hxg5 43. hxg5 c3 44. Rf3 Kb2 45. Rf2+ c2 46. Kg2 Kb1 47. Kg3 c1=Q 48. Kg4 Rd4+ 49. Kh5 Qh1+ 50. Kg6 Qe4+ 51. Kf7 Qc6 52. Kg7 Rd7+ 53. Rf7 Qc3+ 54. Kg8 Rd8+ 55. Rf8 Qf6 56. gxf6 Rd4 57. Rb8 Rxa4 58. Rxb6+ Kc2 59. f7 Rg4+ 60. Kf8 Kd3 61. Re6 Rh4 62. Ke7 Rh7 63. Ke8 1-0

[Event "Quebec-ch B U20 Pepsico"]
[Site "Montreal CAN"]
[Date "2012.02.12"]
[Round "5"]
[White "Yang, Eddie"]
[Black "Luo, Muhan"]
[Result "1-0"]
[WhiteElo "1353"]
[BlackElo "1364"]
[PlyCount "113"]
[GameId "2160767909572641"]
[EventDate "2012.02.10"]
[EventType "swiss"]
[EventRounds "5"]
[EventCountry "CAN"]
[SourceTitle "EXT 2022"]
[Source "ChessBase"]
[SourceDate "2021.10.06"]
[SourceVersion "1"]
[SourceVersionDate "2021.10.06"]
[SourceQuality "1"]

1. d4 Nf6 2. c4 e6 3. Nc3 Bb4 4. Qc2 d5 5. a3 Bxc3+ 6. Qxc3 Ne4 7. Qc2 c6 8. e3 Nd7 9. Bd3 f5 10. Bxe4 fxe4 11. Ne2 b6 12. Nf4 Nf6 13. cxd5 cxd5 14. Bd2 Bd7 15. O-O a5 16. Rac1 O-O 17. Qc7 Rc8 18. Qe5 Qe7 19. b4 a4 20. h3 b5 21. Rc5 Ne8 22. Rxc8 Bxc8 23. Nxd5 Qb7 24. Nc3 Rf5 25. Qxe4 Qxe4 26. Nxe4 Bb7 27. Ng3 Rg5 28. e4 Rg6 29. h4 h5 30. Nxh5 Bxe4 31. Ng3 Bd5 32. Rc1 Bc4 33. Bg5 Nf6 34. f4 Nh7 35. h5 Rxg5 36. fxg5 Nxg5 37. Kf2 Kf7 38. Ke3 Kf6 39. Ne4+ Nxe4 40. Kxe4 Bd5+ 41. Kf4 Bxg2 42. Rc5 Bf1 43. d5 exd5 44. Rxd5 Bc4 45. Rf5+ Ke6 46. h6 gxh6 47. Rh5 Kd6 48. Ke4 Ke6 49. Rxh6+ Kf7 50. Kd4 Ke7 51. Kc5 Kd7 52. Rb6 Kc7 53. Rxb5 Be6 54. Ra5 Kb7 55. Rxa4 Bd7 56. Ra5 Be8 57. b5 1-0

[Event "Quebec-ch U08"]
[Site "Montreal CAN"]
[Date "2012.11.25"]
[Round "5"]
[White "Demers, Alexis"]
[Black "Rodrigue-Lemieux, Shawn"]
[Result "0-1"]
[WhiteElo "1147"]
[BlackElo "1248"]
[PlyCount "50"]
[GameId "2160767909411246"]
[EventDate "2012.11.23"]
[EventType "swiss"]
[EventRounds "5"]
[EventCountry "CAN"]

1. d4 d5 2. c4 e5 3. dxe5 d4 4. Nf3 Nc6 5. g3 Bg4 6. Bg2 Qd7 7. O-O O-O-O 8. a3 f6 9. exf6 Nxf6 10. b4 Bh3 11. b5 Bxg2 12. Kxg2 Nb8 13. Qxd4 Qxd4 14. Nxd4 Rxd4 15. Be3 Rxc4 16. Bxa7 b6 17. Bxb8 Kxb8 18. Nd2 Rc2 19. Nf3 Rxe2 20. a4 Bc5 21. a5 Ng4 22. a6 Bxf2 23. Kh3 h5 24. Ng5 Bd4 25. Rf3 Rxh2# 0-1

[Event "Quebec-ch U10"]
[Site "Montreal CAN"]
[Date "2012.11.23"]
[Round "1"]
[White "Guan, Zi Yu"]
[Black "Tsypin, Allison"]
[Result "1/2-1/2"]
[WhiteElo "1065"]
[BlackElo "881"]
[PlyCount "96"]
[GameId "2160767909411247"]
[EventDate "2012.11.23"]
[EventType "swiss"]
[EventRounds "5"]
[EventCountry "CAN"]
[SourceTitle "EXT 2022"]
[Source "ChessBase"]
[SourceDate "2021.10.06"]
[SourceVersion "1"]
[SourceVersionDate "2021.10.06"]
[SourceQuality "1"]

1. e4 c5 2. Nf3 d6 3. d4 cxd4 4. Nxd4 Nf6 5. Nc3 g6 6. Be2 Bg7 7. Be3 O-O 8. O-O Bd7 9. f4 Nc6 10. e5 dxe5 11. Nxc6 Bxc6 12. Qxd8 Rfxd8 13. fxe5 Ne4 14. Nxe4 Bxe4 15. Bc4 e6 16. Bg5 Rd7 17. Rad1 Rxd1 18. Rxd1 Bxc2 19. Rd2 Bf5 20. Bf6 Rc8 21. Bxg7 Kxg7 22. Bd3 Bxd3 23. Rxd3 Rc1+ 24. Kf2 Rc2+ 25. Kf3 Rxb2 26. Ra3 a6 27. h4 f6 28. exf6+ Kxf6 29. g4 h6 30. Kg3 g5 31. Rf3+ Kg6 32. h5+ Kg7 33. Ra3 Kf6 34. Rf3+ Ke7 35. Ra3 Rd2 36. Kf3 Kd6 37. Ke3 Rd5 38. Rb3 Rb5 39. Rd3+ Ke5 40. Rd7 Rb4 41. Kf3 b5 42. Rh7 Rf4+ 43. Kg3 Ra4 44. Rxh6 Ra3+ 45. Kf2 Rxa2+ 46. Kf3 Ra3+ 47. Kf2 Ra2+ 48. Kf3 Ra3+ 1/2-1/2

[Event "Quebec-ch U10"]
[Site "Montreal CAN"]
[Date "2012.11.23"]
[Round "1"]
[White "Hamelin, Joey"]
[Black "Yip, Mattew"]
[Result "0-1"]
[WhiteElo "895"]
[BlackElo "1354"]
[PlyCount "106"]
[GameId "2160767909411248"]
[EventDate "2012.11.23"]
[EventType "swiss"]
[EventRounds "5"]
[EventCountry "CAN"]
[SourceTitle "EXT 2022"]
[Source "ChessBase"]
[SourceDate "2021.10.06"]
[SourceVersion "1"]
[SourceVersionDate "2021.10.06"]
[SourceQuality "1"]

1. e4 c5 2. Nf3 d6 3. Bb5+ Nc6 4. O-O Nf6 5. Nc3 e6 6. e5 Ng4 7. exd6 Qxd6 8. d4 Bd7 9. Ne4 Qd5 10. Nfg5 Nf6 11. Nxf6+ gxf6 12. Nf3 Nxd4 13. Nxd4 cxd4 14. Bxd7+ Qxd7 15. Qd3 Rd8 16. f4 Qd5 17. f5 e5 18. Rd1 e4 19. Re1 e3 20. Rd1 Rg8 21. g3 Qf3 22. Rf1 Qd5 23. Rd1 Qe5 24. c3 Rg4 25. Bxe3 Qxe3+ 26. Qxe3+ dxe3 27. Re1 Re4 28. Rad1 Rxd1 29. Rxd1 Bc5 30. Kg2 e2 31. Re1 Re3 32. h3 Bd6 33. Kf2 Rxg3 34. Rxe2+ Kd7 35. Re3 Rg5 36. Rf3 Bc5+ 37. Kf1 Kd6 38. Rd3+ Ke5 39. Ke1 Bd6 40. c4 Rxf5 41. Rd5+ Ke6 42. Rd4 Rf3 43. Rh4 Bg3+ 44. Ke2 Rf2+ 45. Ke1 Rxb2+ 46. Kf1 Bxh4 47. Kg1 Rxa2 48. c5 Kf5 49. c6 bxc6 50. Kf1 Kf4 51. Kg1 Kf3 52. Kh1 Kg3 53. Kg1 Ra1# 0-1

[Event "Quebec-ch U10"]
[Site "Montreal CAN"]
[Date "2012.11.23"]
[Round "1"]
[White "Ouellet, Maili-Jade"]
[Black "Gao, Catherine"]
[Result "1-0"]
[WhiteElo "1390"]
[BlackElo "993"]
[PlyCount "110"]
[GameId "2160767909411249"]
[EventDate "2012.11.23"]
[EventType "swiss"]
[EventRounds "5"]
[EventCountry "CAN"]
[SourceTitle "EXT 2022"]
[Source "ChessBase"]
[SourceDate "2021.10.06"]
[SourceVersion "1"]
[SourceVersionDate "2021.10.06"]
[SourceQuality "1"]

1. d4 d5 2. c4 e6 3. Nc3 Nf6 4. Bg5 Be7 5. e3 c5 6. cxd5 exd5 7. dxc5 Be6 8. Bb5+ Nc6 9. Nf3 O-O 10. Qa4 Rc8 11. Bxc6 bxc6 12. Qxa7 Ra8 13. Qb6 Qd7 14. Ne5 Qa7 15. Qxa7 Rxa7 16. Nxc6 Rc7 17. Nxe7+ Rxe7 18. Bxf6 gxf6 19. Rd1 Rd8 20. e4 d4 21. a3 Kh8 22. b4 Ree8 23. Nb5 Bb3 24. Rxd4 Rxd4 25. Nxd4 Rxe4+ 26. Ne2 Bc4 27. O-O Rxe2 28. Ra1 Ba6 29. f3 Kg7 30. a4 Bc8 31. b5 Rb2 32. h3 f5 33. f4 Kf6 34. Kh2 Be6 35. Rd1 Rb4 36. Ra1 Rxf4 37. c6 Rc4 38. a5 Rc2 39. Rd1 Ra2 40. c7 Rxa5 41. Rd6 Ke7 42. Rxe6+ fxe6 43. c8=Q Rxb5 44. Qc7+ Kf6 45. Qc4 Rb7 46. Qd4+ Kf7 47. Qh4 Kg6 48. Qc4 Kf6 49. Qc8 Ra7 50. Qh8+ Rg7 51. h4 e5 52. h5 Kf7 53. h6 Rg5 54. Qxe5 Rh5+ 55. Kg1 Kg6 1-0

[Event "Quebec-ch U10"]
[Site "Montreal CAN"]
[Date "2012.11.23"]
[Round "1"]
[White "Tinica, Gabriel"]
[Black "Zhang, Hou Han"]
[Result "1-0"]
[WhiteElo "1012"]
[BlackElo "1461"]
[PlyCount "105"]
[GameId "2160767909411250"]
[EventDate "2012.11.23"]
[EventType "swiss"]
[EventRounds "5"]
[EventCountry "CAN"]
[SourceTitle "EXT 2022"]
[Source "ChessBase"]
[SourceDate "2021.10.06"]
[SourceVersion "1"]
[SourceVersionDate "2021.10.06"]
[SourceQuality "1"]

1. d4 Nf6 2. c4 c5 3. d5 e6 4. Nc3 exd5 5. cxd5 d6 6. e4 g6 7. Nf3 Bg7 8. Bd3 O-O 9. O-O Bg4 10. Bd2 a6 11. a4 Nbd7 12. Be2 Qc7 13. Qb3 Bxf3 14. Bxf3 Rfe8 15. Bf4 Rab8 16. Qc4 Ne5 17. Bxe5 Rxe5 18. b4 Rc8 19. b5 a5 20. Bd1 Nxe4 21. Nxe4 Rxe4 22. Qxe4 Bxa1 23. Bg4 f5 24. Qe6+ Kg7 25. Bxf5 Rf8 26. Bxg6 hxg6 27. Rxa1 Rf6 28. Qe4 Qf7 29. f3 Rf4 30. Qe6 Qxe6 31. dxe6 Kf6 32. Re1 Ke7 33. Re4 Rxe4 34. fxe4 Kxe6 35. Kf2 Ke5 36. Ke3 c4 37. h4 c3 38. Kd3 c2 39. Kxc2 Kxe4 40. g4 Kf4 41. h5 Kg5 42. hxg6 Kxg6 43. Kd3 Kg5 44. Kd4 Kxg4 45. Kd5 Kf4 46. Kxd6 Ke4 47. Kc7 Kd4 48. Kxb7 Kc4 49. Ka6 Kb4 50. b6 Kxa4 51. b7 Kb4 52. b8=Q+ Ka4 53. Qb5+ 1-0

[Event "Quebec-ch U10"]
[Site "Montreal CAN"]
[Date "2012.11.24"]
[Round "2"]
[White "Tsypin, Allison"]
[Black "Tinica, Gabriel"]
[Result "0-1"]
[WhiteElo "881"]
[BlackElo "1012"]
[PlyCount "112"]
[GameId "2160767909411251"]
[EventDate "2012.11.23"]
[EventType "swiss"]
[EventRounds "5"]
[EventCountry "CAN"]
[SourceTitle "EXT 2022"]
[Source "ChessBase"]
[SourceDate "2021.10.06"]
[SourceVersion "1"]
[SourceVersionDate "2021.10.06"]
[SourceQuality "1"]

1. d4 Nf6 2. c4 g6 3. Nc3 Bg7 4. Nf3 O-O 5. e4 d6 6. Qc2 Nc6 7. Bd3 Bg4 8. Be2 Bxf3 9. Bxf3 Nxd4 10. Qd1 c5 11. O-O Nxf3+ 12. Qxf3 Qd7 13. Bg5 h6 14. Bxf6 Bxf6 15. Rab1 Bxc3 16. Qxc3 Qe6 17. Rfe1 Qe5 18. Qxe5 dxe5 19. Rbd1 Rad8 20. b3 Rd4 21. Rxd4 exd4 22. Rd1 Rd8 23. a3 Rd6 24. b4 b6 25. b5 e5 26. a4 f5 27. f3 f4 28. Kf2 g5 29. Ke2 Kg7 30. Kf2 Kg6 31. Ke2 Kh5 32. Kf2 Kh4 33. Rd2 g4 34. Rd1 g3+ 35. hxg3+ fxg3+ 36. Kg1 Kg5 37. Kf1 Kf4 38. Ke2 h5 39. Rh1 Kg5 40. Kd3 h4 41. Rg1 Rd7 42. Rh1 Rd8 43. Rg1 Rh8 44. Kd2 Kf4 45. Kd3 h3 46. gxh3 Rxh3 47. Rf1 g2 48. Rg1 Kxf3 49. Kd2 Kf2 50. Rd1 Rh1 51. Rc1 Rxc1 52. Kxc1 g1=Q+ 53. Kd2 Qe1+ 54. Kc2 Qc3+ 55. Kd1 Ke3 56. a5 Qd2# 0-1

[Event "Quebec-ch U10"]
[Site "Montreal CAN"]
[Date "2012.11.24"]
[Round "2"]
[White "Yip, Mattew"]
[Black "Ouellet, Maili-Jade"]
[Result "0-1"]
[WhiteElo "1354"]
[BlackElo "1390"]
[PlyCount "62"]
[GameId "2160767909411252"]
[EventDate "2012.11.23"]
[EventType "swiss"]
[EventRounds "5"]
[EventCountry "CAN"]
[SourceTitle "EXT 2022"]
[Source "ChessBase"]
[SourceDate "2021.10.06"]
[SourceVersion "1"]
[SourceVersionDate "2021.10.06"]
[SourceQuality "1"]

1. d4 d5 2. c4 e6 3. Nc3 Nf6 4. Nf3 Be7 5. Bg5 O-O 6. cxd5 exd5 7. e3 c6 8. Bd3 Bg4 9. O-O Nbd7 10. a3 a5 11. Rb1 Ne4 12. Nxe4 dxe4 13. Bxe7 Qxe7 14. Be2 exf3 15. Bxf3 Be6 16. Re1 a4 17. Qd3 Rfd8 18. Qc3 Rac8 19. Rbd1 Bb3 20. Rd2 Nb6 21. Bd1 Nd5 22. Qc1 Bxd1 23. Qxd1 b5 24. Rc2 Nb6 25. Qc1 Nc4 26. h3 c5 27. dxc5 Rxc5 28. Rd1 Rcd5 29. Rxd5 Rxd5 30. Kh2 Qd6+ 31. g3 Rd1 0-1

[Event "Quebec-ch U10"]
[Site "Montreal CAN"]
[Date "2012.11.24"]
[Round "2"]
[White "Zhang, Hou Han"]
[Black "Guan, Zi Yu"]
[Result "1-0"]
[WhiteElo "1461"]
[BlackElo "1065"]
[PlyCount "119"]
[GameId "2160767909411253"]
[EventDate "2012.11.23"]
[EventType "swiss"]
[EventRounds "5"]
[EventCountry "CAN"]
[SourceTitle "EXT 2022"]
[Source "ChessBase"]
[SourceDate "2021.10.06"]
[SourceVersion "1"]
[SourceVersionDate "2021.10.06"]
[SourceQuality "1"]

1. e4 c5 2. Nf3 d6 3. d4 cxd4 4. Nxd4 Nf6 5. Nc3 e5 6. Bb5+ Bd7 7. Bxd7+ Nbxd7 8. Nf5 Nc5 9. Qf3 h6 10. Be3 g6 11. Ng3 Bg7 12. Rd1 Qc7 13. O-O O-O 14. Nb5 Qe7 15. Nxd6 Ne6 16. Nc4 Ng5 17. Bxg5 hxg5 18. c3 g4 19. Qe2 Rad8 20. Ne3 Qe6 21. Qc4 Rxd1 22. Rxd1 Qxc4 23. Nxc4 Nh5 24. Nxh5 gxh5 25. Kf1 Rc8 26. Ne3 Kf8 27. Nf5 Bf6 28. Rd6 Rc6 29. Rxc6 bxc6 30. Ke2 Bg5 31. Ne3 Ke7 32. Nf5+ Kd7 33. Kd3 Bc1 34. Ne3 Bxb2 35. Nc4 Bc1 36. Nxe5+ Kc7 37. Nxf7 a5 38. f3 gxf3 39. gxf3 Bf4 40. h3 c5 41. e5 Kd7 42. Ke4 Bh2 43. c4 h4 44. Kd5 Ke7 45. Ng5 a4 46. Ne4 Bf4 47. Nxc5 a3 48. Nd3 Bh2 49. f4 Bg3 50. f5 Kf7 51. c5 Ke7 52. c6 Kd8 53. f6 Kc8 54. c7 Kd7 55. f7 Kxc7 56. f8=Q Kb6 57. Qc5+ Kb7 58. Qc6+ Ka7 59. Nc5 Kb8 60. Qb7# 1-0

[Event "Quebec-ch U10"]
[Site "Montreal CAN"]
[Date "2012.11.24"]
[Round "3"]
[White "Gao, Catherine"]
[Black "Tsypin, Allison"]
[Result "1-0"]
[WhiteElo "993"]
[BlackElo "881"]
[PlyCount "71"]
[GameId "2160767909411254"]
[EventDate "2012.11.23"]
[EventType "swiss"]
[EventRounds "5"]
[EventCountry "CAN"]
[SourceTitle "EXT 2022"]
[Source "ChessBase"]
[SourceDate "2021.10.06"]
[SourceVersion "1"]
[SourceVersionDate "2021.10.06"]
[SourceQuality "1"]

1. d4 g6 2. e4 Bg7 3. Nf3 d6 4. c4 Nf6 5. Nc3 O-O 6. Be2 Nc6 7. O-O Bg4 8. Be3 e5 9. d5 Ne7 10. Ng5 Bxe2 11. Qxe2 Qd7 12. h3 Ne8 13. Rac1 f5 14. Ne6 Rf7 15. f4 fxe4 16. fxe5 dxe5 17. Rxf7 Kxf7 18. Rf1+ Kg8 19. Nxe4 Nd6 20. Nf6+ Bxf6 21. Rxf6 Nf7 22. Qf2 Nc8 23. Ng5 Ncd6 24. c5 Nxg5 25. Qc2 Nde4 26. c6 bxc6 27. Rxc6 Qxd5 28. Rxc7 Qe6 29. Rc6 Qf5 30. b4 Qd7 31. a4 Qf5 32. b5 Qd7 33. a5 Qf5 34. b6 axb6 35. axb6 Rb8 36. Rc7 1-0

[Event "Quebec-ch U10"]
[Site "Montreal CAN"]
[Date "2012.11.24"]
[Round "3"]
[White "Guan, Zi Yu"]
[Black "Yip, Mattew"]
[Result "0-1"]
[WhiteElo "1065"]
[BlackElo "1354"]
[PlyCount "122"]
[GameId "2160767909411255"]
[EventDate "2012.11.23"]
[EventType "swiss"]
[EventRounds "5"]
[EventCountry "CAN"]
[SourceTitle "EXT 2022"]
[Source "ChessBase"]
[SourceDate "2021.10.06"]
[SourceVersion "1"]
[SourceVersionDate "2021.10.06"]
[SourceQuality "1"]

1. d4 d5 2. c4 e6 3. e3 Nf6 4. Nc3 c6 5. Nf3 Be7 6. Be2 O-O 7. O-O b6 8. b3 Nbd7 9. Ne5 Qc7 10. Nxd7 Bxd7 11. cxd5 exd5 12. Bb2 Bd6 13. f4 Rfe8 14. Qd2 Re7 15. Bd3 Rae8 16. Rae1 Ng4 17. Rf3 Qb7 18. h3 Nf6 19. e4 dxe4 20. Nxe4 Nxe4 21. Qc2 Nf6 22. Rxe7 Rxe7 23. d5 Bc5+ 24. Kh2 Nxd5 25. Bxh7+ Kf8 26. Bxg7+ Ke8 27. Rg3 Bd6 28. Be5 Rxe5 29. Rg8+ Ke7 30. fxe5 Bxe5+ 31. g3 Nf6 32. Rh8 Ng4+ 33. hxg4 Bxh8 34. Qe4+ Be6 35. Bf5 Qd7 36. Bxe6 Qxe6 37. Qxe6+ Kxe6 38. Kh3 Bf6 39. Kg2 Ke5 40. Kf3 Kd4 41. Kf4 Be5+ 42. Kf3 Kc3 43. Ke4 Bxg3 44. Kf5 Be1 45. Kf6 Bd2 46. Kxf7 Kb2 47. Ke7 Kxa2 48. Kd6 Kxb3 49. Kxc6 a5 50. Kxb6 a4 51. g5 Bxg5 52. Kc5 a3 53. Kd5 a2 54. Ke4 a1=Q 55. Kf3 Qd4 56. Kg2 Qe3 57. Kh2 Qf3 58. Kg1 Qe2 59. Kh1 Bf4 60. Kg1 Kc4 61. Kh1 Qh2# 0-1

[Event "Quebec-ch U10"]
[Site "Montreal CAN"]
[Date "2012.11.24"]
[Round "3"]
[White "Ouellet, Maili-Jade"]
[Black "Tinica, Gabriel"]
[Result "1-0"]
[WhiteElo "1390"]
[BlackElo "1012"]
[PlyCount "79"]
[GameId "2160767909411256"]
[EventDate "2012.11.23"]
[EventType "swiss"]
[EventRounds "5"]
[EventCountry "CAN"]
[SourceTitle "EXT 2022"]
[Source "ChessBase"]
[SourceDate "2021.10.06"]
[SourceVersion "1"]
[SourceVersionDate "2021.10.06"]
[SourceQuality "1"]

1. d4 Nf6 2. c4 g6 3. Nc3 Bg7 4. e4 d6 5. f4 O-O 6. Nf3 Bg4 7. Be2 Re8 8. O-O Nc6 9. d5 Nb8 10. Be3 Nbd7 11. Bf2 Nb6 12. c5 dxc5 13. Bxc5 Nbd7 14. Bf2 e6 15. dxe6 Rxe6 16. Bh4 Qe8 17. e5 Nh5 18. Nd4 Bxe2 19. Qxe2 Rb6 20. Nd5 Rc8 21. Nxb6 Nxb6 22. g4 Qd7 23. Rad1 Nxf4 24. Rxf4 Re8 25. Nf3 Qe6 26. Rd8 Rxd8 27. Bxd8 Qxa2 28. Bxc7 Qa1+ 29. Kg2 Nd5 30. Rc4 Qa6 31. Kf2 Nxc7 32. Qc2 Qb6+ 33. Kg2 Nd5 34. Rc8+ Bf8 35. Qc1 Ne3+ 36. Kg3 Nd5 37. Qh6 Qb4 38. Kh4 Qe7+ 39. Ng5 f6 40. Rxf8+ 1-0

[Event "Quebec-ch U10"]
[Site "Montreal CAN"]
[Date "2012.11.24"]
[Round "3"]
[White "Zhang, Hou Han"]
[Black "Hamelin, Joey"]
[Result "1-0"]
[WhiteElo "1461"]
[BlackElo "895"]
[PlyCount "59"]
[GameId "2160767909411257"]
[EventDate "2012.11.23"]
[EventType "swiss"]
[EventRounds "5"]
[EventCountry "CAN"]
[SourceTitle "EXT 2022"]
[Source "ChessBase"]
[SourceDate "2021.10.06"]
[SourceVersion "1"]
[SourceVersionDate "2021.10.06"]
[SourceQuality "1"]

1. e4 e5 2. Nf3 Nf6 3. d3 Nc6 4. Be2 Bb4+ 5. c3 Ba5 6. O-O d5 7. Bg5 Be6 8. Qa4 O-O 9. Nbd2 Bb6 10. Rad1 d4 11. cxd4 Nxd4 12. Nxd4 Bxd4 13. Qc2 c6 14. Nf3 c5 15. Nxd4 cxd4 16. f4 h6 17. fxe5 hxg5 18. exf6 gxf6 19. Rf2 Kg7 20. Rdf1 Rh8 21. Qd1 Rh6 22. Bg4 Qh8 23. h3 Rc8 24. Bxe6 fxe6 25. Qg4 Re8 26. e5 fxe5 27. Qxg5+ Rg6 28. Rf7+ Kg8 29. Qxg6+ Qg7 30. Qxg7# 1-0

[Event "Quebec-ch U10"]
[Site "Montreal CAN"]
[Date "2012.11.25"]
[Round "4"]
[White "Gao, Catherine"]
[Black "Guan, Zi Yu"]
[Result "1/2-1/2"]
[WhiteElo "993"]
[BlackElo "1065"]
[PlyCount "78"]
[GameId "2160767909411258"]
[EventDate "2012.11.23"]
[EventType "swiss"]
[EventRounds "5"]
[EventCountry "CAN"]
[SourceTitle "EXT 2022"]
[Source "ChessBase"]
[SourceDate "2021.10.06"]
[SourceVersion "1"]
[SourceVersionDate "2021.10.06"]
[SourceQuality "1"]

1. d4 Nf6 2. c4 g6 3. Nc3 Bg7 4. Nf3 d6 5. e4 Bg4 6. Be2 O-O 7. O-O Ne8 8. Be3 f5 9. exf5 Bxf5 10. Qd2 Nf6 11. Bh6 e5 12. Bxg7 Kxg7 13. dxe5 dxe5 14. Qxd8 Rxd8 15. Nxe5 Re8 16. Nf3 Nc6 17. Rad1 Ne5 18. Nxe5 Rxe5 19. Bf3 c6 20. h3 Ne4 21. Nxe4 Bxe4 22. Bxe4 Rxe4 23. Rd7+ Kh6 24. Rxb7 Rxc4 25. b3 Rc2 26. Ra1 Rf8 27. f3 Re8 28. Rxa7 Ree2 29. Kf1 Rf2+ 30. Ke1 Rfe2+ 31. Kd1 Rcd2+ 32. Kc1 Rc2+ 33. Kd1 Rcd2+ 34. Kc1 Rc2+ 35. Kb1 Red2 36. Re7 Rb2+ 37. Kc1 Rbc2+ 38. Kb1 Rb2+ 39. Kc1 Rbc2+ 1/2-1/2

[Event "Quebec-ch U10"]
[Site "Montreal CAN"]
[Date "2012.11.25"]
[Round "4"]
[White "Ouellet, Maili-Jade"]
[Black "Zhang, Hou Han"]
[Result "0-1"]
[WhiteElo "1390"]
[BlackElo "1461"]
[PlyCount "140"]
[GameId "2160767909411259"]
[EventDate "2012.11.23"]
[EventType "swiss"]
[EventRounds "5"]
[EventCountry "CAN"]
[SourceTitle "EXT 2022"]
[Source "ChessBase"]
[SourceDate "2021.10.06"]
[SourceVersion "1"]
[SourceVersionDate "2021.10.06"]
[SourceQuality "1"]

1. d4 Nf6 2. c4 e6 3. Nc3 Bb4 4. Qc2 b6 5. Bg5 Bb7 6. Nf3 d6 7. a3 Bxc3+ 8. Qxc3 Nbd7 9. e3 O-O 10. Bd3 Re8 11. Qc2 h6 12. Bh4 c5 13. O-O Qc7 14. e4 g5 15. Bg3 g4 16. Nh4 cxd4 17. Bf4 Kg7 18. Qc1 Rh8 19. f3 Nc5 20. Bc2 gxf3 21. Rxf3 Ncxe4 22. Rd3 Qc5 23. Bd1 Rac8 24. b3 b5 25. cxb5 Qxb5 26. Qb1 Ba6 27. Be2 Qc5 28. Qe1 Bxd3 29. Bxd3 Qc3 30. Qd1 Nc5 31. Bf1 d3 32. Be3 Qe5 33. Bf2 Nfe4 34. Qg4+ Qg5 35. Bd4+ e5 36. Nf5+ Kf6 37. Qxg5+ hxg5 38. Bxc5 Rxc5 39. Bxd3 Kxf5 40. Rf1+ Ke6 41. Bxe4 d5 42. Bf5+ Kd6 43. Bg4 Ke7 44. Rf5 f6 45. h3 Rd8 46. Kf2 d4 47. Bd1 d3 48. Ke1 Rdd5 49. Kd2 e4 50. Rf1 f5 51. g3 Kd6 52. b4 Rc7 53. Ke3 Rc3 54. Kd2 Rxa3 55. h4 gxh4 56. gxh4 Ke5 57. h5 f4 58. Rh1 e3+ 59. Ke1 Ra1 60. h6 Rd8 61. h7 e2 62. Kd2 Rxd1+ 63. Rxd1 exd1=Q+ 64. Kxd1 f3 65. Kd2 f2 66. h8=Q+ Rxh8 67. Kxd3 f1=Q+ 68. Ke3 Rh3+ 69. Kd2 Qf2+ 70. Kd1 Rh1# 0-1